Normal view
MARC view
- Pakistan
Entry Geographic Name
001 - CONTROL NUMBER
- control field: 471
003 - CONTROL NUMBER IDENTIFIER
- control field: NUST
005 - DATE AND TIME OF LATEST TRANSACTION
- control field: 20170511131318.0
008 - FIXED-LENGTH DATA ELEMENTS
- fixed length control field: 170511|| aca||aabn | a|a d
040 ## - CATALOGING SOURCE
- Original cataloging agency: NUST
- Transcribing agency: NUST
151 ## - HEADING--GEOGRAPHIC NAME
- Geographic name: Pakistan
- General subdivision: History
- General subdivision: Chronology.
670 ## - SOURCE DATA FOUND
- Source citation: Work cat.: (NUST)5184: Pakistan sal ba sal : 1st Jan. 1947-31st Dec 1971, 1997-
